Name a Taylor Swift song that includes this word 1 - Statistics

General Stats
  • This quiz has been taken 27 times
  • The average score is 6 of 13
Answer Stats
Lyric Song(s) % Correct
'traffic' State Of Grace | Death By A Thousand Cuts | Christmas Tree Farm
75%
'pink' 'Slut!' | It's Nice To Have A Friend | invisible string | So High School
65%
'diamond' Untouchable | my tears ricochet | Bejeweled | The Joker And The Queen
60%
'pool' 'Slut!' | This Is Why We Can't Have Nice Things | Paper Rings | the 1 | the last great american dynasty
60%
'scream' Superstar | The Other Side Of The Door | Cruel Summer | seven | illicit affairs | Who's Afraid of Little Old Me?
55%
'plane' Last Kiss | Come Back...Be Here | Labyrinth
50%
'tea' London Boy | seven | gold rush
50%
'ships' The Best Day | Castles Crumbling | This Love | I Know Places | gold rush
45%
'dangerous' Treacherous | cowboy like me | I Can Fix Him (No Really I Can)
40%
'freedom' You All Over Me | Back To December | Getaway Car | Hits Different
40%
'bulletproof' Tell Me Why | Foolish One | I Know Places
35%
'shining' We Were Happy | Dear John | The Moment I Knew | mirrorball
30%
'forward' Mine | Is It Over Now? | cowboy like me | The Manuscript
25%
No matching quizzes found
Score Distribution
Percent of People with Each Score
Percentile by Number Answered
Your Score History
You have not taken this quiz